000 00460nam a2200121Ia 4500
008 160712s9999 xx 000 0 und d
100 _aTiatco, Sir Anril P.
245 _cSir Anril Pineda Tiatco,
_aEntanglement: A Preliminary Study of a Philippine Puppet Sinakulo for Children
260 _c2015
_bHumanities Diliman
300 _avol. 12 no. 1
650 _xHUMANITIES
856 _uhttp://journals.upd.edu.ph/index.php/humanitiesdiliman/issue/view/502/showToc
999 _c297046
_d297046